Statystyki dla Logo połączonej firmy

Kliknij tutaj aby rozwiązać quiz!

Ogólne statystyki

  • Ten quiz został rozwiązany 44 razy
  • Średni wynik to 21 z 30

Statystyki odpowiedzi

Logoczym się zajmuje
się ta kompania
odpowiedż% Poprawnych
technologia 🇰🇷LG
100%
Media społecznościowe 🇺🇸Facebook
97%
motoryzacja 🇺🇸Ford
97%
Media społecznościowe 🇺🇸Instagram
97%
Media społecznościowe 🇺🇸Twitter
95%
napój 🇦🇹Red Bull
92%
Meble 🇸🇪IKEA
90%
finansy 🇺🇸Visa
90%
technologia 🇺🇸Android
87%
motoryzacja 🇮🇹Ferrari
87%
motoryzacja 🇩🇪Porsche
87%
buty 🇺🇸Vans
87%
jedzenie 🇺🇸Domino's Pizza
82%
Sport 🇩🇪Puma
82%
motoryzacja 🇩🇪Volkswagen
74%
paliwo 🇬🇧BP
72%
kreskówka
(かわいい) 🇯🇵
Sanrio
72%
Rozrywka 🇺🇸Disney
69%
Outdoorwear 🇺🇸The North Face
64%
odzeż 🇺🇸Tommy Hilfiger
64%
odzież 🇺🇸
Polo
Ralph Lauren
56%
odzież 🇺🇸Levi's
56%
jedzenie 🇺🇸Taco Bell
56%
fotografia 🇺🇸Kodak
44%
Oprogramowanie 🇺🇸Adobe
41%
czekolada 🇨🇭Toblerone
38%
Odzież outdoorowa 🇺🇸Timberland
33%
jedzenie 🇺🇸Heinz
26%
Obuwie
Sprzedaż detaliczna 🇺🇸
Foot Locker
15%
Surfowanie/strój
do śniegu 🇺🇸
Quiksilver
10%

Rozkład punktacji

Percentyl według liczby udzielonych odpowiedzi

Procent ludzi z każdym wynikiem

Twoja historia wyników

Nie rozwiązałeś tego quizu